000 00339nam a2200145Ia 4500
005 20251222151328.0
008 251222s9999||||xx |||||||||||||| ||spa||
020 _a8401463300
082 _a863/H54
100 _aHill, Reginald
245 0 _aLa Falsa Moneda de la Bondad
250 _a1ra.ed.
264 _bPlaza & Janés
942 _cLIB
999 _c23968
_d23968